مكتبة جامعة عجلون الوطنية

فهرس بحث المكتبة

منتقى الفوائد المنقولة: المجموعة الأولى (Record no. 25065)

MARC details
000 -LEADER
fixed length control field 00832nam a2200229Ii 4500
003 - CONTROL NUMBER IDENTIFIER
control field JO-AjNU
008 - FIXED-LENGTH DATA ELEMENTS--GENERAL INFORMATION
fixed length control field 230605s9999||||xx |||||||||||||| ||und||
017 ## - COPYRIGHT OR LEGAL DEPOSIT NUMBER
Copyright or legal deposit number 1431/6195
020 ## - INTERNATIONAL STANDARD BOOK NUMBER
International Standard Book Number 978-9960-53-510-4
040 ## - CATALOGING SOURCE
Original cataloging agency JO-AjNU
Language of cataloging ara
Description conventions rda
Transcribing agency JO-AjNU
041 ## - LANGUAGE CODE
Language code of text/sound track or separate title ara
050 14 - LIBRARY OF CONGRESS CALL NUMBER
Classification number BP188 2010
100 3# - MAIN ENTRY--PERSONAL NAME
Personal name جمع وترتيب السلمي، جملات عبد اللطيف ؛ عناية وتحقيق صبري بن سلامة شاهين,
Relator term author
9 (RLIN) 49004
245 00 - TITLE STATEMENT
Title منتقى الفوائد المنقولة: المجموعة الأولى
250 ## - EDITION STATEMENT
Edition statement ط1
264 31 - PRODUCTION, PUBLICATION, DISTRIBUTION, MANUFACTURE, AND COPYRIGHT NOTICE
Place of production, publication, distribution, manufacture الرياض: دار القاسم للنشر والتوزيع، 2010
300 ## - PHYSICAL DESCRIPTION
Extent 112ص
336 ## - CONTENT TYPE
Content type term text
Content type code txt
Source rdacontent
337 ## - MEDIA TYPE
Media type term unmediated
Media type code n
Source rdamedia
338 ## - CARRIER TYPE
Carrier type term volume
Carrier type code nc
Source rdacarrier
650 #4 - SUBJECT ADDED ENTRY--TOPICAL TERM
Topical term or geographic name entry element الوعظ والارشاد
9 (RLIN) 49005
Holdings
Withdrawn status Lost status Source of classification or shelving scheme Damaged status Not for loan Home library Current library Shelving location Date acquired Total Checkouts Full call number Barcode Date last seen Price effective from Koha item type
    Library of Congress Classification     مكتبة جامعة عجلون الوطنية مكتبة جامعة عجلون الوطنية المجموعات العامة 06/06/2023   BP188 2010 A21497 06/06/2023 06/06/2023 Books